000 00611cam a22002053a 4500
001 37291
003 PGUSA
005 20140828083822.0
008 110902s2011||||xxu|||||s|||||000 | eng d
040 _aPGUSA
_beng
042 _adc
100 1 _aChapman, Allen
245 1 4 _aThe Heroes of the School ;
_bor, The Darewell Chums Through Thick and Thin
_h[electronic resource] /
_cAllen Chapman
260 _bProject Gutenberg,
_c2011
506 _aPublic domain in the USA.
516 _aElectronic text
830 0 _aProject Gutenberg
_v37291
856 4 0 _uhttp://www.gutenberg.org/ebooks/37291
942 _cEB
999 _c266545
_d266545